000
00297nam a2200109Ia 4500
008
200302s9999 xx 000 0 und d
100
_a
Brian Wood
245
_a
Building Care : From Maintenance To Energy Conservation (Usd 62.99)
260
_b
Blackwell Publications
260
_c
2003
300
_a
194
999
_c
4593
_d
4593